000 00311nam a22001337a 4500
008 170802b xxu||||| |||| 00| 0 eng d
020 _a3519022656
041 _aeng
080 _a004
100 _a32
101 _aSHKI
245 _aSYSTEMATISCHER EBNTWURF DIGITALER SYSTEME
_cTEUBNER, B.G
942 _2udc
_cBK
999 _c22551
_d22551